[Event "Colmenarejo Autumn op"]
[Site "Colmenarejo"]
[Date "2016.09.25"]
[Round "1"]
[White "Mataix Serrano, Ricardo"]
[Black "Melcon Diez, Enrique"]
[Result "0-1"]
[WhiteElo "1229"]
[BlackElo "1641"]
[PlyCount "86"]
[EventDate "2016.09.25"]
[EventType "swiss"]
[EventRounds "7"]
[EventCountry "ESP"]
[SourceTitle "EXT 2019"]
[Source "ChessBase"]
[SourceDate "2018.10.10"]
[SourceVersion "1"]
[SourceVersionDate "2018.10.10"]
[SourceQuality "1"]

1. e4 c5 2. Nf3 g6 3. Bc4 Bg7 4. a3 Nc6 5. d3 d6 6. Be3 Bg4 7. Nbd2 Nf6 8. c3 0-0 9. b4 Nd7 10. Qb3 Qb6 11. Rc1 Nce5 12. Nxe5 Nxe5 13. h3 Bd7 14. 0-0 Bb5 15. a4 Bxc4 16. Nxc4 Qc7 17. Nxe5 Bxe5 18. f4 Bg7 19. d4 c4 20. Qa3 e6 21. b5 a6 22. Qb4 axb5 23. Qxb5 Ra5 24. Qb4 Rfa8 25. Ra1 b5 26. f5 bxa4 27. d5 Rb8 28. Qa3 Rb3 29. Qxa4 Rxa4 30. Rxa4 Rxc3 31. Ra8+ Bf8 32. Bh6 Qe7 33. Rfa1 f6 34. R1a7 Qxa7+ 35. Rxa7 Bxh6 36. Ra8+ Bf8 37. fxe6 Kg7 38. Ra7+ Kh6 39. Rf7 Re3 40. Rxf8 Rxe4 41. Rxf6 c3 42. e7 c2 43. Rxd6 c1Q+ 0-1